| 000 | 01164nam0a2200325 4500 | ||
|---|---|---|---|
| 001 | RU\NLR\bibl\56214 | ||
| 005 | 20250616085835.0 | ||
| 010 |
_a5-88195-350-9 _9200 |
||
| 021 |
_aRU _b99-36557 _91801 |
||
| 035 | _a(NLR Aleph) 000054821 | ||
| 090 |
_a295743 _c295744 |
||
| 100 | _a19991101d1999 |||y0rusy50 ca | ||
| 101 | 0 | _arus | |
| 102 | _aRU | ||
| 105 | _ay ||||||||| | ||
| 200 | 1 |
_aКурсом политических преобразований _fВ. Кудаев |
|
| 210 |
_aНальчик _cЭль-фа _d1999 |
||
| 215 |
_a165, [2] с. _d21 |
||
| 320 | _aБиблиогр.: с. 152-165, [1] | ||
| 606 | 0 |
_aПолитические реформы _yКабардино-Балкарская Республика _92120801 _3RU\NLR\auth\661280670 |
|
| 686 | _aФ3(2Р-6К)12 | ||
| 686 | _aТ3(2Р-6К)74 | ||
| 700 | 1 |
_4070 _7ca _8rus _aКудаев _bВ. Ж. _f1954- _gВладимир Жантемирович _9243274 _3RU\NLR\AUTH\770243330 |
|
| 801 | 0 |
_aRU _bNLR _c19991101 _gPSBO |
|
| 801 | 1 |
_aRU _bNLR _c19991101 |
|
| 852 |
_aNLR _j99-3/13385 |
||
| 942 | _cBOOK | ||
| 980 | _aNB | ||